| 000 | 00971cab a22002295a 4500 | ||
|---|---|---|---|
| 001 | L152636 | ||
| 008 | 110407s2011 xxka f 000 0 eng d | ||
| 035 | _a(Sirsi) u152636 | ||
| 041 | 0 | _aeng | |
| 100 | 1 | _aLailey, Steve | |
| 245 | 0 | 0 |
_aBIM, what's all the fuss about? _bthe new sustainable concept in the construction industry |
| 260 | _c2011 | ||
| 490 |
_aCivil Engineering Surveyor _vApril 2011, 18-19(2) |
||
| 520 | _aExplains how building information modelling or BIM can be described as the facsimile of the whole life cycle of a project in one resource; little is still known about it; immediate future of BIM; proposes BIM management for sustainability; the Olympic Aquatics Centre, London is an example of a successful BIM project in a commercial context. | ||
| 590 | _aKA | ||
| 650 | 2 | 4 | _aBUILDING INFORMATION MODELLING |
| 650 | 2 | 4 |
_aBIM _96219 |
| 651 | 4 |
_aUnited Kingdom _y |
|
| 690 |
_aBIM _96219 |
||
| 690 |
_aProject management _96261 |
||
| 942 | _n0 | ||
| 999 |
_c83045 _d83045 |
||